000 00476cam a2200169 i 4500
005 20250901165803.0
008 160922s2016 ke b 001 0 swa c
010 _a 2015333826
020 _a9789966510648
020 _a9966510648
050 0 0 _aPL8703.5
_b.M33 2016
100 1 _aMbatiah, Mwenda,
_eauthor.
245 1 0 _aRiwaya ya Kiswahili :
_bchimbuko na maendeleo yake /
_cMwenda Mbatiah.
250 _aChapa ya kwanza.
300 _avi, 348 pages ;
_c21 cm
942 _2lcc
999 _c9251
_d9251